00596nam a22001937a 450000500170000001000150001702000260003203500140005803700090007208200080008110000230008924500700011225000190018226000590020127000750026030000200033565000220035570000250037720240618153820.0 aENG-140628 a9788119896868c775.00 aEN-124160 aDBAD a320 aTripathi, Pradyumn aNTA UGC NET SET JRF Political science paper 2/cPradyumn Tripathi aSecond edition aNoidabPearson India Education Services Pvt. Ltdc2024 a1st Floor, Berger Tower, Plot No. C-001A/2, Sector 16B,bNoidae201301 aVp.c25 cm (pb) aPolitical Science aTripathi , Pradyumn